00326nam a22001097a 4500100002300000245006000023260002600083300000700109942000700116999001500123952007800138 aSenarathne,S.M.P.M aMedicinal propertie of pomegrante and Indian Gooseberry aColombobIchemcc2016 a28 cBK c3304d3304 0010708NFICaICbICcGENd2016-05-11l0pL031r2016-05-11 00:00:00yDIS